Регионална библиотека "Любен Каравелов" - Русе

Знаменоската (Запис номер 174549)

MARC детайли
000 -Лидер
Контролно поле с фиксирана дължина 01702nam a2200325 c 4500
003 - Код на организацията, давaща контролен номер
Контролно поле BLK
005 - Дата и час на последна редакция
Контролно поле 20211216121759.0
008 - Елементи от данни с фиксирана дължина
fixed length control field 180411b bul|||||r ||||||| ||bul||
010 ## - Наследен системен номер
LC control number KNG00183038000
040 ## - Източник на каталожния запис
Идентификатор на билиотеката - собственик на записа BLK
041 ## - Код за език
Код за езика на текст/звукозапис или на отделно заглавие Български
Код за езика КДБФ Български
080 ## - УДК
Текстов определител УДК Българска литература
УДК код - определител по УДК 821.163.2
УДК определител -32
УДК - код + определител 821.163.2-32
080 ## - УДК
Текстов определител УДК Априлско въстание (1876). Четата на Хр. Ботев
УДК код - определител по УДК 94(497.2)"1876"
УДК определител (092)
УДК - код + определител 94(497.2)"1876"(092)
080 ## - УДК
Текстов определител УДК Райна Попгеоргиева Футекова-Дипчева. Българска учителка, ушила главното въстаническо знаме на Панагюрски революционен окръг за Априлското въстание
УДК код - определител по УДК 929 Райна княгиня
УДК - код + определител 929 Райна княгиня
100 1# - Редна дума - Автор
Автор Хрусанов, Георги Димитров
Авторска отговорност първи автор
R(LIN) 309550
139 ## - Редно поле
Редна дума Хрусанов, Георги Димитров
Авторски знак Хрус - Х 91
245 10 - Сведения за заглавието
Заглавие Знаменоската
Подзаглавни данни Разкази за Райна Княгина - Райна п. Георгиева : За горна училищна възраст
Редно поле (дума) Георги Димитров Хрусанов; худож. Иван Иванов Гонгалов.
257 ## - Страна на издаване
Страна на създаване/издаване България
260 ## - Област на издателските данни
Място на издаване, разпространение и проч. София
Име на издателя, разпространителя и проч. Нар. младеж
Година на издаване 1961
300 ## - Физическа характеристика
Страници 120 с.
Илюстрации и др. с ил.
Размери/Мащаб 21 см
380 ## - Жанр
Жанр Худож. лит.
500 ## - Общи забележки
Забележка 10 100 тир.
600 14 - Име на лице, използвано като предмет
За него / За нея Райна княгиня
9 (RLIN) 244832
700 1# - Други автори (авторска отговорност)
Лично име Гонгалов, Иван Иванов
Автороска отговорност (Описва отношението между автора и произведението) худож.
9 (RLIN) 371662
852 ## - Местоположение
Форматна сигнатура Цб 18233
Фондова буква Хранилище
856 4# - Електронен адрес и достъп
Електронен формат pdf - файл
856 4# - Електронен адрес и достъп
Електронен формат pdf - файл
999 ## - СИСТЕМНИ КОНТРОЛНИ НОМЕРА
Koha biblionumber 174549
Koha biblioitemnumber 174549
942 ## - АРТИКУЛИ
Вид на библиотечния материал Книги
Скрит в OPAC Не
Периодичен библиозапис Да
944 ## - СЪЗДАВАНЕ И РЕДАКЦИЯ на ЗАПИСА
Създаване/Редакция Създаване
Дата на регистрацията/редакция 01.10.2015
Служител, извършил регистрацията/редакцията Кети_Илиева
944 ## - СЪЗДАВАНЕ И РЕДАКЦИЯ на ЗАПИСА
Създаване/Редакция Редакция
Дата на регистрацията/редакция 25.09.2017
Служител, извършил регистрацията/редакцията Вася_Ганчева
999 ## - СИСТЕМНИ КОНТРОЛНИ НОМЕРА
Koha biblioitemnumber 174549
Наличности
Код за отписване Код за изгубен артикул Източник на класификационната схема Код за повреда Коз за рестрикции Код за отдаване Артикулен № Име на библиотеката - собственик Име на библиотеката, в която се намира в момента Статус (Текущо местоположение) Дата на вписване в системата Местоположение - отдел Цена в лева Инвентарен номер Систематично азбучна сигнатура Баркод Номер на екземпляра Цена в евро Служебна бележка Служебен тип на артикула Бележка за публиката
  Не е изгубен Universal Decimal Classification Не е повреден само за читалня ползва се в читалня 299708 Регионална библиотека "Любен Каравелов" Русе Регионална библиотека "Любен Каравелов" Русе Хранилище 1961-01-01 Хранилище 0.46 3444/61 Цб 18233 900000086201 1 0.24 Вид: Сф Дата: 01.01.1961 Книги  
Изтеглен Не е изгубен Universal Decimal Classification Не е повреден без рестрикции заемане за дома 299709 Регионална библиотека "Любен Каравелов" Русе Регионална библиотека "Любен Каравелов" Русе Заемна - подръчен фонд 1961-01-01 Заемна - подръчен фонд   1135/61 П 886.7-32/Х 91 1135/61 2 0.00 Вид: Сф Дата: 01.01.1961 Книги  
Изтеглен Не е изгубен   Не е повреден без рестрикции заемане за дома 299710 Регионална библиотека "Любен Каравелов" Русе Регионална библиотека "Любен Каравелов" Русе   1961-01-01 Детски отдел 0.46 1495/61 ДХ 886.7/Х 91 1495/61 3 0.24 Вид: Сф Дата: 01.01.1961 Дата инв: 05.10.2015 Бележки инв: Д2015 Книги Отч.N: 34/2017 , Дата: 05.09.2017
Vip Innovations Ltd, Rousse, Bulgaria 2025